| 000 | 00761nam a2200265 i 4500 | ||
|---|---|---|---|
| 001 | 91678 | ||
| 003 | ES-MaACL | ||
| 005 | 20230906180801.0 | ||
| 007 | t| | ||
| 008 | 050204s2004 sp ||||1| spa d | ||
| 020 | _a84-933530-3-5 | ||
| 080 | _a821.134.2-14.09"09/14" | ||
| 080 | _a159.942(0:82) | ||
| 100 | 1 |
_aVictorio, Juan. _9114403 |
|
| 245 | 1 | 0 |
_aDe amores y versos en el otoño medieval / _cJuan Victorio. |
| 250 | _a1ª ed. | ||
| 260 |
_aMadrid : _bVelecío, _c2004. |
||
| 300 |
_a265 p. ; _c23 cm. |
||
| 490 | 1 | _aMedievo | |
| 650 | 1 | 4 |
_aPoesía española- _yS.X-XV- _xHistoria y crítica. _916171 |
| 650 | 4 |
_aAmor- _xEn la literatura. _99756 |
|
| 830 | 0 |
_aMedievo _9231990 |
|
| 852 |
_aES-MaACL _jL-28801 _bR.135258 |
||
| 999 |
_c91678 _d91678 |
||